1956 1099 1605 1944 1558 1524 1153 1478 1917 1783 1043 1389 1703 1936 1074 1635 1971 1007 1347 1700 1178 1455 1722 1161 1879 1518 1431 1710 1239 1237 1392 1343 1607 1937 1300 1859 1860 1812 1247 1220 1917 1047 1647 1483 1403 1199 1592 1157 1892 1153 1730 1672 1325 1171 1456 1698 1130 1722 1503 1663 1924 1701 1403 1715 1952 1487 1880 1272 1642 1777 1835 1471 1220 1742 1397 1629 1266 1837 1187 1965 1419 1822 1611 1504 1536 1350 1756 1336 1013 1698 1482 1731 1656 1418 1118 1984 1835 1837 1899 BCNSPRNW ULIB Ver.6.0+V

เปลี่ยนเป็นภาษาไทย

Change to English
 แสดงรายละเอียดบรรณานุกรม
  กลับหน้าหลัก

Brief Record : Get Marc (ISO 2709) : E-mail record : QR code < ปิดหน้าต่าง
LEADER : 00000nam 2200000uu 4500
001    13399127479
003     ULIB
008    200610s2020||||th 000 0 tha d
020    ^a9780323485463
060 04 ^aWY154^bS541
245 00 ^aSheehy s emergency nursing :^bprinciples and practice /^cedited by Patricia Kunz Howard, Rebecca A. Steinmann ;Emergency Nurses Association
250    ^a7th ed.
260    ^aSt. Louis :^bMosby,^c2020
300    ^axviii, 745 p. :^bill. ;^c28 cm.
650  2 ^aEmergencies^xNursing
700 1  ^aHoward, Patricia Kunz,^eed.
700 1  ^aSteinmann, Rebecca A.,^eed.
711 2  ^aEmergency Nurses Association
945    ^p0^l0^i28385
999    ^aกัณชพร จุลอักษร
รายการนี้ยังไม่มีแท็ก
คุณยังไม่ได้ล็อกอิน คุณสามารถมีกิจกรรมร่วมกับเว็บไซต์ได้ แต่ต้องล็อกอินก่อน ::
  ล็อกอิน

รายการสื่อสารสนเทศ

ลำดับที่ ประเภท เลขเรียก/บาร์โค้ด สถานที่ สถานะ
1. หนังสือสำรอง
หนังสือสำรอง
WY154 S541 ฉ.1 
  Barcode: 28385
ห้องสมุดวิทยาเขตนครสวรรค์
►หนังสือทั่วไป:l:General Books
บนชั้น

รายการใกล้เคียง
    หัวเรื่อง [Emergencies Nursing]

BibComment


ยังไม่เคยถูกคอมเมนท์

คอมเมนท์ทรัพยากรรายการนี้
  คอมเมนท์: Sheehy s emergen..


 Copyright 2026. Bcnsprnw @Library